Reglas, crimen y orden (Registro nro. 317323)

Detalles MARC
000 -ENCABEZADO
Número de control [NR] 00977nam a2200241 c 4500
005 - FECHA Y HORA DE LA ÚLTIMA TRANSACCIÓN
control field 20200310113300.0
008 - DE LONGITUD FIJA DE DATOS DE ELEMENTOS - INFORMACIÓN GENERAL
Elementos de longitud fija [NR] 200310s2018 ck ||||gr|||| 00| 0 spa d
020 ## - NUMERO INTERNACIONAL NORMALIZADO PARA LIBROS [R]
Número Internacional Normalizado del libro [NR] 9789585642140
040 ## - FUENTE DE CATALOGACION [NR]
Agencia de catalogación original [NR] CO-BoUCM
Idioma de catalogación [NR] spa
Quien Cataloga Deissy Garcia
Quien Clasifica Deissy Garcia
041 0# - CODIGO DE IDIOMA [R]
Código de idioma para texto/pista de sonido o título separado [R] Español
100 1# - ASIENTO PRINCIPAL--NOMBRE PERSONAL [NR]
Nombre personal [NR] Dávila, Luis Felipe
ID Autoridad 100315
245 10 - MENCION DE TITULO [NR]
Título [NR] Reglas, crimen y orden
Parte restante del título [NR] un estudio sobre la seguridad en Medellín
Mención de responsabilidad, etc. [NR] Luis Felipe Dávila ; edición César Alberto Hurtado Orozco
260 ## - PUBLICACION, DISTRIBUCION, ETC. (PIE DE IMPRENTA) [R]
Nombre del editor, distribuidor, etc. [R] La carreta editores
Fecha de publicación, distribución, etc. [R] 2018
Lugar de publicación, distribución, etc. [R] Medellín
300 ## - DESCRIPCION FISICA [R]
Extensión [R] 178 páginas
490 0# - MENCION DE SERIE [R]
Mención de serie [R] La carreta social
504 ## - NOTA DE BIBLIOGRAFIA, ETC. [R]
Nota de bibliografía, etc. [NR] Incluye referencias bibliográficas
650 17 - ASIENTO SECUNDARIO DE MATERIA - TERMINO TEMATICO [R]
Término temático o nombre geográfico como elemento de entrada [NR] Violencia
Subdivisión general [R] Prevención
Subdivisión geográfica [R] Medellín (Antioquia, Colombia)
9 (RLIN) 100317
650 17 - ASIENTO SECUNDARIO DE MATERIA - TERMINO TEMATICO [R]
Término temático o nombre geográfico como elemento de entrada [NR] Crimen organizado
Subdivisión geográfica [R] Medellín (Antioquia, Colombia)
9 (RLIN) 100318
650 17 - ASIENTO SECUNDARIO DE MATERIA - TERMINO TEMATICO [R]
Término temático o nombre geográfico como elemento de entrada [NR] Seguridad ciudadana
9 (RLIN) 24088
700 1# - ASIENTO SECUNDARIO - NOMBRE PERSONAL [R]
9 (RLIN) 100316
Nombre personal [NR] Hurtado Orozco, César Alberto
Término de relación [R] editor
942 ## - ELEMENTOS DE ENTRADA AGREGADOS (KOHA)
Tipo de ítem principal el descrito en 300a Libro
Sistema de clasificación DEWEY
Tema principal Sociología
Edición 20
Clasificación 303.09861
Parte restante de la signatura top. D988r
Existencias
Total préstamos Signatura topográfica Código de barras Última vez visto Ejemplar Costo de reposición Price effective from Tipo de ítem Perdido Sistema de clasificación Dañado No prestable Tipo de ítem específico Suprimido Ubicación habitual Ubicación actual Localización Fecha de creación Proveedor Forma de adquisición Costo
  303.09861 D988r 100165728 09/12/2025 Ej.1 26000.00 11/02/2020 Libro   DEWEY     Libro   Claustro Claustro 2do piso 11/02/2020 12 Donación 0.00